Sports Quiz

Random Sports or NFL Quiz

Top 50 NFL Wide Receivers 2014 Quiz Stats

 Plays Quiz not verified by Sporcle

Challenge
Share
Tweet
Embed
Score 0/50 Timer 10:00
0 Plays Today
Team Player % Correct
CowboysDez Bryant
100%
PackersJordy Nelson
99.1%
FalconsJulio Jones
99.1%
LionsCalvin Johnson
99.1%
SteelersAntonio Brown
98.2%
BroncosDemaryius Thomas
98.2%
BengalsA.J. Green
98.2%
ColtsT.Y. Hilton
97.3%
GiantsOdell Beckham
97.3%
SteelersMartavis Bryant
96.4%
BearsBrandon Marshall
96.4%
PackersRandall Cobb
95.5%
RavensTorrey Smith
95.5%
RedskinsDeSean Jackson
95.5%
CardinalsLarry Fitzgerald
95.5%
BucsVincent Jackson
95.5%
RavensSteve Smith
94.6%
BucsMike Evans
93.7%
LionsGolden Tate
92.8%
PatriotsJulian Edelman
91.9%
BroncosEmmanuel Sanders
91%
Eagles Jeremy Maclin
91%
BearsAlshon Jeffery
89.2%
TexansDeAndre Hopkins
89.2%
FalconsRoddy White
88.3%
Team Player % Correct
SaintsMarques Colston
87.4%
ColtsReggie Wayne
87.4%
SeahawksDoug Baldwin
87.4%
PanthersKelvin Benjamin
86.5%
RedskinsPierre Garcon
86.5%
JetsEric Decker
86.5%
BillsSammy Watkins
84.7%
BroncosWes Welker
83.8%
BengalsMohammed Sanu
83.8%
DolphinsMike Wallace
82.9%
49ersAnquan Boldin
82.9%
BrownsJosh Gordon
82%
ChargersMalcolm Floyd
81.1%
CardinalsMichael Floyd
81.1%
49ersMichael Crabtree
76.6%
PatriotsBrandon LaFell
75.7%
CowboysTerrence Williams
75.7%
ChargersKeenan Allen
74.8%
EaglesJordan Matthews
73.9%
JaguarsAllen Hurns
70.3%
JetsPercy Harvin
68.5%
Dolphins Brian Hartline
68.5%
SaintsKenny Stills
64.9%
TitansKendall Wright
60.4%
BrownsAndrew Hawkins
50.5%

You're not logged in!

Compare scores with friends on all Sporcle quizzes.
OR
Log In

You Might Also Like...

Show Comments

Extras

Created Jan 1, 2015ReportNominate
Tags:NFL Quiz, 2014, player, receiver, team, Top 50, wide

Top Quizzes Today


Score Distribution

Your Account Isn't Verified!

In order to create a playlist on Sporcle, you need to verify the email address you used during registration. Go to your Sporcle Settings to finish the process.

Report this User

Report this user for behavior that violates our Community Guidelines.

Details: